Statystyki dla Wymień wszystkie postacie z gry Overwatch

Kliknij tutaj aby rozwiązać quiz!

Ogólne statystyki

  • Ten quiz został rozwiązany 409 razy
  • Średni wynik to 24 z 32

Statystyki odpowiedzi

HintOdpowiedź% Poprawnych
WsparcieŁaska
93%
TankD.Va
88%
TankWieprzu
88%
NatarcieGenji
87%
NatarcieHanzo
87%
TankReinhardt
86%
WsparcieLucio
85%
WsparcieAna
83%
NatarcieSmuga
83%
NatarcieŻniwiarz
83%
NatarcieTrupia Wdowa
81%
NatarcieZłomiarz
80%
TankWinston
78%
TankOrisa
77%
NatarcieMcCree
73%
NatarcieSombra
73%
WsparcieMoira
72%
TankZaria
72%
TankSigma
71%
NatarcieMei
70%
WsparcieZenyatta
70%
NatarcieAshe
69%
NatarcieBastion
69%
NatarciePięść Zagłady
69%
TankBurzyciel
68%
NatarcieFara
67%
WsparcieBrigitte
66%
NatarcieSymmetra
66%
NatarcieŻołnież-76
65%
NatarcieEcho
62%
NatarcieTorbjorn
62%
WsparcieBaptiste
56%

Rozkład punktacji

Percentyl według liczby udzielonych odpowiedzi

Procent ludzi z każdym wynikiem

Twoja historia wyników

Nie rozwiązałeś tego quizu